| 000 | 01046cam a22003011a 4500 | ||
|---|---|---|---|
| 001 | 8469544 | ||
| 003 | OSt | ||
| 005 | 20230619120533.0 | ||
| 008 | 741119s1965 ii c b 010 0 eng | ||
| 010 | _asa 66003987 | ||
| 035 | _a(OCoLC)1079093 | ||
| 040 |
_aDLC _cOClU _dNSyU _dWU _dDLC |
||
| 042 | _apremarc | ||
| 082 |
_a301.2954 _2UNNI |
||
| 100 | 1 |
_aUnnithan, Thottamon Kantan Kesavan Narayanan, _eeditor. |
|
| 245 | 1 | 0 |
_aTowards a sociology of culture in India : _bessays in honor of D.P. Mukerji / _cEdited by T.K.N. Unnithan, Indra Deva [and] Yogendra Singh. |
| 260 |
_aNew Delhi : _bPrentice-Hall of India, _c1965. |
||
| 300 |
_axii, 441 p. _bport. ; _c23 cm. |
||
| 504 | _aIncludes bibliographical references. | ||
| 650 | 0 | _aSociology. | |
| 651 | 0 |
_aIndia _xSocial conditions. |
|
| 700 | 1 |
_aMukhopadhyaya, Dhurjatiprasada, _d1894-1961. |
|
| 700 | 1 |
_aDeva, Indra, _d1932- _eeditor. |
|
| 700 | 1 |
_aSingh, Yogendra, _d1932- |
|
| 906 |
_a7 _bcbc _coclcrpl _du _encip _f19 _gy-gencatlg |
||
| 942 |
_2ddc _cBK |
||
| 999 |
_c1273 _d1273 |
||